Failed alliances of the Cold War : (Record no. 14112)

000 -LEADER
fixed length control field 00746nam a22002295a 4500
001 - CONTROL NUMBER
control field 17290325
005 - DATE AND TIME OF LATEST TRANSACTION
control field 20170105102847.0
008 - FIXED-LENGTH DATA ELEMENTS--GENERAL INFORMATION
fixed length control field 120508s2012 nyua 000 0 eng
010 ## - LIBRARY OF CONGRESS CONTROL NUMBER
LC control number 2012371619
020 ## - INTERNATIONAL STANDARD BOOK NUMBER
International Standard Book Number 9781848859746
040 ## - CATALOGING SOURCE
Original cataloging agency DLC
Transcribing agency DLC
042 ## - AUTHENTICATION CODE
Authentication code pcc
082 ## - DEWEY DECIMAL CLASSIFICATION NUMBER
Classification number 327.09045
100 1# - MAIN ENTRY--PERSONAL NAME
Personal name Dimitrakis, Panagiotis.
245 10 - TITLE STATEMENT
Title Failed alliances of the Cold War :
Remainder of title Britain's Strategy and ambitions in Asia and the Middle East /
Statement of responsibility, etc. Panagiotis Dimitrakis.
260 ## - PUBLICATION, DISTRIBUTION, ETC.
Place of publication, distribution, etc. London ; New York :
Name of publisher, distributor, etc. I.B. Tauris,
Date of publication, distribution, etc. 2012.
300 ## - PHYSICAL DESCRIPTION
Extent 240 p. :
Other physical details ill. ;
Dimensions 23 cm.
490 0# - SERIES STATEMENT
Series statement International Library of Twentieth Century History
Volume/sequential designation 47
906 ## - LOCAL DATA ELEMENT F, LDF (RLIN)
a 0
b ibc
c orignew
d 2
e ncip
f 20
g y-gencatlg
942 ## - ADDED ENTRY ELEMENTS (KOHA)
Source of classification or shelving scheme
Koha item type Book
Holdings
Withdrawn status Lost status Damaged status Not for loan Collection code Permanent Location Current Location Shelving location Date acquired Total Checkouts Full call number Barcode Date last seen Price effective from Koha item type
          Centre for International Peace & Stability (CIPS) Centre for International Peace & Stability (CIPS) General Stacks 08/19/2013   327.09045 DIM 2012 CIPS0000462 08/19/2013 08/19/2013 Book
© 2023 Central Library, National University of Sciences and Technology. All Rights Reserved.